| 000 | 00575nam a2200157 a 4500 | ||
|---|---|---|---|
| 005 | 20160226172854.0 | ||
| 008 | 991214s2000 gau b 001 0 eng | ||
| 020 | _a0865546630 | ||
| 100 | 1 | _aSarkar, Husain. | |
| 245 | 1 | 4 |
_aThe toils of understanding : _ban essay on The present age / _cby Husain Sarkar. |
| 260 |
_aMacon, Ga. : _bMercer University Press, _cc2000. |
||
| 300 |
_ax, 187 p. ; _c24 cm. |
||
| 504 | _aIncludes bibliographical references (p. [177]-181) and indexes. | ||
| 600 | 1 | 0 |
_aKierkegaard, Soren, _d1813-1855. _tLiterair anmeldelse. _nDel 3. |
| 942 |
_2lcc _cBK _01 |
||
| 999 |
_c36653 _d36653 |
||